000 00745nam a2200229 i 4500
003 DO-SdBNP
005 20250306105243.0
007 ta
008 250306t199u dr 000 0 spa d
040 _aDO-SdBNP
_bspa
_cBNPHU
_erda
082 _axxxx
_bD671
_222
100 1 _aDomínguez A., Gregorio
_eautor
_4aut.
_987136
245 1 0 _aUltimas palabras :
_bpoemario póstumo in memoriam a Gonzalo José Domínguez Díaz /
_cGregorio Domínguez A.
264 _aSanto Domingo :
_bImpresora El Hombre,
_c[199-].
300 _a27 páginas
_c22 cm.
336 _atexto
_btxt
_2rdacontent
337 _asin mediación
_bn
_2rdamedia
338 _avolumen
_bnc
_2rdacarrier
590 _aInventariado, 2025/ YL
910 _aYLockward
942 _2ddc
_cLF2
999 _c58341
_d58341